1459 1554 1894 1090 1731 1868 1811 1576 1386 1405 1540 1621 1267 1951 1540 1382 1227 1046 1700 1488 1953 1505 1672 1585 1695 1832 1314 1751 1601 1874 1418 1140 1191 1767 1324 1322 1612 1041 1908 1342 1616 1837 1627 1511 1287 1370 1641 1352 1698 1724 1374 1299 1873 1270 1966 1382 1787 1511 1806 1642 1406 1799 1523 1880 1269 1242 1648 1631 1882 1300 1514 1428 1901 1715 1962 1799 1369 1415 1748 1111 1897 1662 1896 1065 1192 1624 1048 1006 1992 1656 1078 1320 1052 1338 1029 1818 1804 1471 1771 BCNSPRNW ULIB Ver.6.0+V

เปลี่ยนเป็นภาษาไทย

Change to English
 แสดงรายละเอียดบรรณานุกรม
  กลับหน้าหลัก

Brief Record : Get Marc (ISO 2709) : E-mail record : QR code < ปิดหน้าต่าง
LEADER : 00000nam 2200000uu 4500
001    13399120417
003     ULIB
008    120920s2553||||th 000 0 tha d
020    ^a9789746725118
060 04 ^aWB100^bอ585 2553
245 00 ^aอาการวิทยาทางอายุรศาสตร์ /^cบรรณาธิการ, เมตตาภรณ์พรพัฒน์กุล, ขจรศักดิ์ นพคุณ
250    ^aพิมพ์ครั้งที่ 1
260    ^aเชียงใหม่ :^bภาควิชาอายุรศาสตร์ คณะแพทยศาสตร์มหาวิทยาลัยเชียงใหม่,^c2553
300    ^a429 หน้า :^bภาพประกอบ ;^c30 ซม.
650  7 ^aการรักษาโรค
650  7 ^aอายุรศาสตร์^vรวมเรื่อง
650  7 ^aอาการช็อก
650  7 ^aอาการใจสั่น
650  7 ^aอาการเหนื่อย
650  7 ^aการเต้นของหัวใจผิดปกติ
650  7 ^aอาการปวดท้อง
650  7 ^aอาการ^vรวมเรื่อง
700 0  ^aเมตตาภรณ์ พรพัฒน์กุล,^eบรรณาธิการ
700 0  ^aขจรศักดิ์ นพคุณ,^eบรรณาธิการ
710 2  ^aมหาวิทยาลัยเชียงใหม่. ^bคณะแพทยศาสตร์.^bภาควิชาอายุรศาสตร์
945    ^p0^l0^i17866
945    ^p0^l0^i17865
945    ^p0^l0^i17867
995    ^aกัณชพร
999 ^a ใช้งานได้ทุกระบบ
รายการนี้ยังไม่มีแท็ก
คุณยังไม่ได้ล็อกอิน คุณสามารถมีกิจกรรมร่วมกับเว็บไซต์ได้ แต่ต้องล็อกอินก่อน ::
  ล็อกอิน

รายการสื่อสารสนเทศ

ลำดับที่ ประเภท เลขเรียก/บาร์โค้ด สถานที่ สถานะ
1. วิทยาศาสตร์การแพทย์ และสุขภาพ
วิทยาศาสตร์การแพทย์ และสุขภาพ
WB100 อ585 2553  
  Barcode: 17866
ห้องสมุดวิทยาเขตนครสวรรค์
►ส่วนจัดเก็บหนังสือเก่า นว.
บนชั้น
  ขอยืม
2. วิทยาศาสตร์การแพทย์ และสุขภาพ
วิทยาศาสตร์การแพทย์ และสุขภาพ
WB100 อ585 2553 ฉ.2 
  Barcode: 17865
ห้องสมุดวิทยาเขตนครสวรรค์
►ส่วนจัดเก็บหนังสือเก่า นว.
บนชั้น
  ขอยืม
3. วิทยาศาสตร์การแพทย์ และสุขภาพ
วิทยาศาสตร์การแพทย์ และสุขภาพ
WB100 อ585 2553 ฉ.3 
  Barcode: 17867
ห้องสมุดวิทยาเขตนครสวรรค์
►ส่วนจัดเก็บหนังสือเก่า นว.
บนชั้น
  ขอยืม

รายการใกล้เคียง
    หัวเรื่อง [การรักษาโรค]
    หัวเรื่อง [อาการช็อก]
    หัวเรื่อง [อาการใจสั่น]
    หัวเรื่อง [อาการเหนื่อย]
    หัวเรื่อง [การเต้นของหัวใจผิดปกติ]
    หัวเรื่อง [อาการปวดท้อง]

BibComment


ยังไม่เคยถูกคอมเมนท์

คอมเมนท์ทรัพยากรรายการนี้
  คอมเมนท์: อาการวิทยาทางอาย..


 Copyright 2026. Bcnsprnw @Library